LEADER 01582nam a2200337 a 4500 001 000000169111 003 CaOOAMICUS 005 20180913102928.0 008 180913s2018 sp m 001 u spa r 020 $z 978-84-16-63974-8* 032 $aLibriCat 040 $aPUL$bita 100 1 $aGodino Alarcón, José Ramón.$0(OLS)http://pul/name/108948 245 14$aLos memoriales de Reforma de san Juan de Ávila: fuentes de inspiración y análisis histórico-teológico /$cJosé Ramón Godino Alarcón. 260 $aMadrid :$bUniversidad San Damaso,$c2018. 300 $aVIII, 534 p. ;$c23 cm. 490 1 $aDissertationes theologicae ;$a28 502 $aTesi di dottorato. Universidad San Damaso. Facultad de Teologia. 2017. 504 $aBibliografia in nota. 600 04$aIohannes de Avila,$cs.,$d1500-1569.$0(OLS)http://pul/subject/13516 710 1 $aUniversidad San Damaso.$pFacultad de Teologia.$kTesi.$0(OLS)http://pul/name/87051 850 $aPUL 852 $aPUL$W1$xDP1 Tesi Varie$y51$m2018 B 1$j191260$qTesi$B197085$CPULBib$Z2$F197085 $81 941 1 $a16 960 $aIoannes de Avila,$cs.$d1500-1569$913516 960 $aGiovanni d'Avila,$cs.,$d1500-1569$913516 960 $aJuan de Avila,$cs.,$d1500-1569$913516 996 $6020$z 978-84-16-63974-8*$9(OLS)http://pul/number/164675 996 $6245$aLos memoriales de Reforma de san Juan de Ávila: fuentes de inspiración y análisis histórico-teológico$9(OLS)http://pul/title/209677 996 $6260$aMadrid :$bUniversidad San Damaso$9(OLS)http://pul/publisher/86874 LEADER 01234nam a2200313 a 4500 001 000000134575 003 CaOOAMICUS 005 20130625123034.0 008 130625s1984 it u000 u ita r 020 $a88-420-2396-5 040 $aPUL$bita 100 1 $aRomeo, Rosario,$d1924-1987.$0(OLS)http://pul/name/487 245 10$aCavour e il suo tempo :$b(1854-1861) /$cRosario Romeo. 260 $aRoma ;$aBari :$bLaterza,$c1984. 300 $aXI, 988 p. ;$c21 cm. 490 1 $aCollezione storica 500 $aInclude indici. 504 $aBibliografia in nota. 600 14$aCavour, Camillo Benso,$cconte di,$d1810-1861.$0(OLS)http://pul/subject/9152 651 4$aItalia$xStoria$ySec. XIX.$0(OLS)http://pul/subject/3097 830 0$aCollezione storica.$0(OLS)http://pul/title/109632 850 $aPUL 852 $aPUL$W1$xDP1 Fondo E. Rossi$y115$m1 R 57$j154781$qFondi$B154300$CPULBib$Z2$F154300 $82 941 1 $a1 961 $aSul dorso collocazione ms. di E. Rossi: R 21 1 996 $6020$a88-420-2396-5$9(OLS)http://pul/number/153113 996 $6245$aCavour e il suo tempo :$b(1854-1861)$9(OLS)http://pul/title/170177 996 $6260$aRoma ;$aBari :$bLaterza$9(OLS)http://pul/publisher/57682